000 00376nam a2200157Ia 4500
008 240729s9999 xx 000 0 und d
022 _a2624-781X
245 0 _aReactions
260 _aSwitzerland
260 _bMDPI AG
650 _a Chemistry
650 _aScience
856 _uhttps://doaj.org/toc/300da1c8228a43889df084f7cfd7705b
942 _2ddc
942 _cDOAJEJ
999 _c73944
_d73944
945 _a1
_bMadushi Gamage
_c1
_dMadushi Gamage